LEADER 01271nam 2200265la 450 001 9910481492903321 005 20230503102716.0 035 $a(UK-CbPIL)2090365250 035 $a(CKB)5500000000105587 035 $a(EXLCZ)995500000000105587 100 $a20230503d1563 uy | 101 0 $alat 135 $aurcn||||a|bb| 200 10$aAsconii Pediani Explanatio in Ciceronis orationes in C. Verrem, in orationem pro C. Cornelio, in orationem contra competitores, in orationem pro M. Scauro, in orationem contra L. Pisonem, in orationem pro Milone. Scholia Pauli Manutii. Indices duo 210 $aVenice $cPaolo Manuzio, 1512-1574$d1563 215 $aOnline resource ([12], 104 c., 8°.) 300 $aReproduction of original in Biblioteca Nazionale Centrale di Firenze. 700 $aAsconius Pedianus$b Quintus$f76 A.D..$0898582 701 $aManuzio$b Paolo$f1512-1574.$0327584 801 0$bUk-CbPIL 801 1$bUk-CbPIL 906 $aBOOK 912 $a9910481492903321 996 $aAsconii Pediani Explanatio in Ciceronis orationes in C. Verrem, in orationem pro C. Cornelio, in orationem contra competitores, in orationem pro M. Scauro, in orationem contra L. Pisonem, in orationem pro Milone. Scholia Pauli Manutii. Indices duo$92099074 997 $aUNINA